[Event "DVM U20 2016"]
[Site "Borken-Gemen GER"]
[Date "2016.12.27"]
[Round "1"]
[White "Riehle, Marco"]
[Black "Engel, Jan"]
[Result "1-0"]
[Termination "normal"]
[Board "2.3"]
[WhiteElo "2303"]
[BlackElo "1882"]
[WhiteClock "00:42:31"]
[BlackClock "00:00:51"]
[WhiteTeam "SF Sasbach"]
[BlackTeam "Frankfurter TV"]
[PlyCount "69"]
[WhiteFideId "12904392"]
[BlackFideId "12993557"]
[EventCountry "GER"]
[EventRounds "7"]
[EventType "team-swiss"]
[EventDate "2016.12.26"]

1. e4 {[%clk 1:30:43]} c6 {[%clk 1:30:32]} 2. c4 {[%clk 1:31:07]} d5 {[%clk
1:30:58]} 3. exd5 {[%clk 1:30:56]} cxd5 {[%clk 1:30:03]} 4. cxd5 {[%clk
1:31:19]} Nf6 {[%clk 1:30:16]} 5. Nc3 {[%clk 1:31:42]} Nxd5 {[%clk 1:30:40]} 6.
Nf3 {[%clk 1:32:00]} Nc6 {[%clk 1:29:05]} 7. Bb5 {[%clk 1:32:22]} e6 {[%clk
1:27:58]} 8. O-O {[%clk 1:32:37]} Be7 {[%clk 1:27:43]} 9. Re1 {[%clk 1:32:44]}
O-O {[%clk 1:27:48]} 10. d4 {[%clk 1:33:07]} a6 {[%clk 1:24:08]} 11. Bd3 {[%clk
1:32:56]} g6 {[%clk 1:14:55]} 12. Bh6 {[%clk 1:26:26]} Re8 {[%clk 1:13:47]} 13.
Rc1 {[%clk 1:25:46]} Bf6 {[%clk 0:59:56]} 14. Bb1 {[%clk 1:25:10]} Nce7 {[%clk
0:44:37]} 15. Ne4 {[%clk 1:21:46]} Bg7 {[%clk 0:42:20]} 16. Bxg7 {[%clk
1:19:46]} Kxg7 {[%clk 0:42:41]} 17. Ne5 {[%clk 1:20:00]} Nf5 {[%clk 0:35:21]}
18. Qf3 {[%clk 1:15:15]} f6 {[%clk 0:32:02]} 19. Nc4 {[%clk 1:07:05]} Nxd4
{[%clk 0:24:28]} 20. Qa3 {[%clk 1:03:59]} e5 {[%clk 0:18:43]} 21. Ncd6 {[%clk
0:58:23]} Re7 {[%clk 0:17:14]} 22. Nc3 {[%clk 0:47:48]} Be6 {[%clk 0:12:32]}
23. Be4 {[%clk 0:47:35]} Rd7 {[%clk 0:06:00]} 24. Nxd5 {[%clk 0:41:15]} Bxd5
{[%clk 0:03:12]} 25. Bxd5 {[%clk 0:41:15]} Rxd6 {[%clk 0:03:36]} 26. Bxb7
{[%clk 0:41:27]} Rb8 {[%clk 0:01:08]} 27. Be4 {[%clk 0:41:32]} Ne2+ {[%clk
0:01:18]} 28. Rxe2 {[%clk 0:42:01]} Rd1+ {[%clk 0:00:43]} 29. Re1 {[%clk
0:42:30]} Rxe1+ {[%clk 0:00:36]} 30. Rxe1 {[%clk 0:42:58]} Qd2 {[%clk 0:00:39]}
31. Rf1 {[%clk 0:43:02]} Rxb2 {[%clk 0:00:38]} 32. Qe7+ {[%clk 0:42:32]} Kh6
{[%clk 0:00:58]} 33. Qxf6 {[%clk 0:41:51]} Rxa2 {[%clk 0:00:59]} 34. g3 {[%clk
0:42:13]} Qd4 {[%clk 0:00:51]} 35. Qf8+ {[%clk 0:42:31]} 1-0

[Event "DVM U20 2016"]
[Site "Borken-Gemen GER"]
[Date "2016.12.27"]
[Round "1"]
[White "Pham, Phuong-Bao"]
[Black "Bohnert, Dominik"]
[Result "0-1"]
[Termination "normal"]
[Board "2.4"]
[WhiteElo "1840"]
[BlackElo "2027"]
[WhiteClock "00:08:55"]
[BlackClock "00:23:17"]
[WhiteTeam "Frankfurter TV"]
[BlackTeam "SF Sasbach"]
[PlyCount "94"]
[WhiteFideId "12939196"]
[BlackFideId "12918075"]
[EventCountry "GER"]
[EventRounds "7"]
[EventType "team-swiss"]
[EventDate "2016.12.26"]

1. g3 {[%clk 1:30:49]} c5 {[%clk 1:30:49]} 2. Bg2 {[%clk 1:24:35]} Nc6 {[%clk
1:30:39]} 3. e4 {[%clk 1:21:56]} Nf6 {[%clk 1:29:43]} 4. c4 {[%clk 1:21:00]} h5
{[%clk 1:16:50]} 5. d3 {[%clk 1:18:55]} d6 {[%clk 1:04:33]} 6. Bg5 {[%clk
1:08:42]} Nd4 {[%clk 0:57:56]} 7. Nc3 {[%clk 1:05:49]} Bg4 {[%clk 0:53:54]} 8.
f3 {[%clk 1:05:55]} Bd7 {[%clk 0:53:21]} 9. Nge2 {[%clk 1:05:40]} Qb6 {[%clk
0:48:58]} 10. Rb1 {[%clk 0:56:26]} Qc7 {[%clk 0:33:09]} 11. Nxd4 {[%clk
0:40:59]} cxd4 {[%clk 0:32:35]} 12. Ne2 {[%clk 0:39:48]} e5 {[%clk 0:31:19]}
13. h4 {[%clk 0:36:19]} Nh7 {[%clk 0:23:54]} 14. Bd2 {[%clk 0:36:19]} Be7
{[%clk 0:23:50]} 15. Bh3 {[%clk 0:24:21]} Bxh3 {[%clk 0:23:27]} 16. Rxh3 {[%clk
0:24:48]} Qd7 {[%clk 0:23:48]} 17. Rh1 {[%clk 0:18:39]} g5 {[%clk 0:22:04]} 18.
Kf2 {[%clk 0:18:01]} O-O-O {[%clk 0:21:52]} 19. hxg5 {[%clk 0:14:20]} Nxg5
{[%clk 0:21:26]} 20. Bxg5 {[%clk 0:12:51]} Bxg5 {[%clk 0:21:49]} 21. f4 {[%clk
0:03:17]} Bh6 22. Rxh5 {[%clk 0:03:45]} Qg4 {[%clk 0:13:15]} 23. Qh1 {[%clk
0:01:54]} Qg6 {[%clk 0:12:17]} 24. Qh3+ Kb8 25. Qf5 {[%clk 0:01:27]} Qg7 {[%clk
0:12:43]} 26. Rg1 {[%clk 0:01:09]} Rdg8 {[%clk 0:11:50]} 27. g4 {[%clk
0:01:17]} f6 {[%clk 0:08:15]} 28. Kf3 {[%clk 0:00:48]} exf4 29. Nxf4 {[%clk
0:01:09]} Bxf4 {[%clk 0:06:00]} 30. Kxf4 {[%clk 0:01:32]} Rxh5 {[%clk 0:06:16]}
31. Qxh5 {[%clk 0:01:54]} f5 {[%clk 0:06:39]} 32. g5 {[%clk 0:01:00]} Qe5+
{[%clk 0:05:30]} 33. Kf3 {[%clk 0:01:17]} fxe4+ {[%clk 0:05:47]} 34. dxe4
{[%clk 0:00:44]} Rf8+ {[%clk 0:05:48]} 35. Kg2 {[%clk 0:00:38]} Qxe4+ {[%clk
0:06:11]} 36. Kh3 {[%clk 0:01:00]} Qe5 {[%clk 0:05:02]} 37. Qg4 {[%clk
0:00:42]} Rh8+ {[%clk 0:05:29]} 38. Kg2 {[%clk 0:01:06]} Rh2+ {[%clk 0:05:56]}
39. Kf1 {[%clk 0:01:24]} Qe3 {[%clk 0:02:45]} 40. Rg2 {[%clk 0:01:33]} Rh3
{[%clk 0:02:09]} 41. Rg1 {[%clk 0:09:34]} Rf3+ {[%clk 0:21:49]} 42. Kg2 {[%clk
0:09:46]} Qf2+ {[%clk 0:22:09]} 43. Kh1 {[%clk 0:10:00]} Rf4 {[%clk 0:22:30]}
44. Rg2 {[%clk 0:08:41]} Qe1+ {[%clk 0:22:52]} 45. Rg1 {[%clk 0:08:55]} Qe4+
{[%clk 0:23:17]} 46. Qg2 Rh4# 47. Qh3 Rxh3# 0-1

[Event "DVM U20 2016"]
[Site "Borken-Gemen GER"]
[Date "2016.12.27"]
[Round "1"]
[White "Zimmer, Raphael"]
[Black "De Andrade, Leon"]
[Result "1-0"]
[Termination "normal"]
[Board "2.5"]
[WhiteElo "2252"]
[BlackElo "1737"]
[WhiteClock "00:35:40"]
[BlackClock "00:13:12"]
[WhiteTeam "SF Sasbach"]
[BlackTeam "Frankfurter TV"]
[PlyCount "111"]
[WhiteFideId "12978841"]
[BlackFideId "12993158"]
[EventCountry "GER"]
[EventRounds "7"]
[EventType "team-swiss"]
[EventDate "2016.12.26"]

1. e4 {[%clk 1:30:58]} e6 {[%clk 1:30:45]} 2. Nf3 {[%clk 1:31:16]} d5 {[%clk
1:30:58]} 3. exd5 {[%clk 1:31:36]} exd5 {[%clk 1:31:21]} 4. d4 {[%clk 1:31:59]}
Nc6 {[%clk 1:31:26]} 5. h3 {[%clk 1:31:55]} Bd6 {[%clk 1:31:05]} 6. c4 {[%clk
1:31:44]} Qe7+ {[%clk 1:25:11]} 7. Be2 {[%clk 1:30:33]} dxc4 {[%clk 1:21:21]}
8. O-O {[%clk 1:29:58]} Nf6 {[%clk 1:19:24]} 9. Bxc4 {[%clk 1:27:30]} O-O
{[%clk 1:13:41]} 10. Re1 {[%clk 1:26:40]} Qd8 {[%clk 1:09:15]} 11. Nc3 {[%clk
1:25:32]} h6 {[%clk 1:06:49]} 12. a3 {[%clk 1:21:58]} Bf5 {[%clk 1:04:13]} 13.
d5 {[%clk 1:15:21]} Nb8 {[%clk 1:01:16]} 14. Nd4 {[%clk 1:12:51]} Bg6 {[%clk
0:58:51]} 15. Qf3 {[%clk 1:10:04]} Nbd7 {[%clk 0:55:04]} 16. Bf4 {[%clk
1:05:23]} Nb6 {[%clk 0:53:06]} 17. Bxd6 {[%clk 1:03:28]} Qxd6 {[%clk 0:51:51]}
18. Ba2 {[%clk 1:01:18]} Rfd8 {[%clk 0:49:38]} 19. Rad1 {[%clk 0:57:19]} a6
{[%clk 0:38:38]} 20. Nf5 {[%clk 0:43:01]} Bxf5 {[%clk 0:37:16]} 21. Qxf5 {[%clk
0:43:19]} Rd7 {[%clk 0:34:08]} 22. Re5 {[%clk 0:38:51]} g6 {[%clk 0:23:41]} 23.
Qf4 {[%clk 0:33:26]} Re7 {[%clk 0:23:17]} 24. Rde1 {[%clk 0:31:52]} Rae8 {[%clk
0:22:16]} 25. Ne4 {[%clk 0:24:21]} Nxe4 {[%clk 0:12:16]} 26. Rxe7 {[%clk
0:24:25]} Qxf4 {[%clk 0:11:56]} 27. Rxe8+ {[%clk 0:24:43]} Kg7 {[%clk 0:12:19]}
28. R8xe4 {[%clk 0:24:37]} Qd2 {[%clk 0:10:51]} 29. R4e2 {[%clk 0:22:54]} Qd4
{[%clk 0:10:07]} 30. Rc2 {[%clk 0:21:11]} Nxd5 {[%clk 0:07:21]} 31. Bxd5 {[%clk
0:19:22]} Qxd5 {[%clk 0:07:37]} 32. Rxc7 {[%clk 0:19:35]} Kf6 {[%clk 0:05:16]}
33. g3 {[%clk 0:16:54]} Qd2 {[%clk 0:03:06]} 34. Ree7 {[%clk 0:15:52]} Qxb2
{[%clk 0:02:34]} 35. Rxf7+ {[%clk 0:15:36]} Ke6 {[%clk 0:02:55]} 36. Rxb7 Qxa3
{[%clk 0:03:05]} 37. Rf4 {[%clk 0:12:01]} Qa5 {[%clk 0:01:38]} 38. Rbb4 {[%clk
0:10:43]} Ke5 {[%clk 0:00:54]} 39. Rfe4+ {[%clk 0:09:42]} Kf6 {[%clk 0:00:50]}
40. Ra4 {[%clk 0:09:29]} Qb5 {[%clk 0:00:37]} 41. Reb4 {[%clk 0:08:15]} Qc6
{[%clk 0:28:44]} 42. Ra2 {[%clk 0:34:36]} Qe6 {[%clk 0:24:58]} 43. Rba4 {[%clk
0:33:29]} Qxh3 {[%clk 0:24:49]} 44. Rxa6+ {[%clk 0:33:50]} Kf7 {[%clk 0:23:37]}
45. Ra7+ {[%clk 0:33:09]} Kf8 {[%clk 0:20:17]} 46. Ra8+ {[%clk 0:33:34]} Kf7
{[%clk 0:19:26]} 47. R2a7+ {[%clk 0:33:55]} Kf6 {[%clk 0:18:19]} 48. Ra6+
{[%clk 0:34:15]} Kg5 {[%clk 0:13:51]} 49. Rg8 {[%clk 0:34:25]} Qf5 {[%clk
0:13:50]} 50. Raxg6+ {[%clk 0:34:02]} Qxg6 {[%clk 0:13:45]} 51. Rxg6+ {[%clk
0:34:23]} Kxg6 {[%clk 0:14:11]} 52. Kg2 {[%clk 0:34:46]} Kf6 {[%clk 0:13:17]}
53. Kh3 {[%clk 0:34:54]} Kg5 {[%clk 0:13:13]} 54. f4+ {[%clk 0:35:01]} Kh5
{[%clk 0:12:55]} 55. g4+ {[%clk 0:35:18]} Kg6 {[%clk 0:13:12]} 56. Kh4 {[%clk
0:35:40]} 1-0

[Event "DVM U20 2016"]
[Site "Borken-Gemen GER"]
[Date "2016.12.27"]
[Round "1"]
[White "Werle, Joshua"]
[Black "Spiegelberg, Silvia"]
[Result "1-0"]
[Termination "normal"]
[Board "2.6"]
[WhiteElo "1800"]
[BlackElo "1874"]
[WhiteClock "00:02:55"]
[BlackClock "00:29:02"]
[WhiteTeam "Frankfurter TV"]
[BlackTeam "SF Sasbach"]
[PlyCount "86"]
[WhiteFideId "12973890"]
[BlackFideId "24654450"]
[EventCountry "GER"]
[EventRounds "7"]
[EventType "team-swiss"]
[EventDate "2016.12.26"]

1. d4 {[%clk 1:30:52]} Nf6 {[%clk 1:30:44]} 2. c4 {[%clk 1:30:45]} e5 {[%clk
1:31:03]} 3. dxe5 {[%clk 1:29:36]} Ng4 {[%clk 1:31:21]} 4. e4 {[%clk 1:28:25]}
Nxe5 {[%clk 1:29:09]} 5. f4 {[%clk 1:28:47]} Ng6 {[%clk 1:26:32]} 6. Be3 {[%clk
1:27:09]} Nc6 {[%clk 1:24:14]} 7. Nf3 {[%clk 1:26:03]} Bb4+ {[%clk 1:09:13]} 8.
Nbd2 {[%clk 1:25:52]} Qe7 {[%clk 1:07:21]} 9. Qc2 {[%clk 1:13:14]} Bc5 {[%clk
1:02:48]} 10. Qc3 {[%clk 0:53:16]} Bxe3 {[%clk 0:56:34]} 11. Qxe3 {[%clk
0:53:39]} Nb4 {[%clk 0:52:24]} 12. Qc3 {[%clk 0:43:27]} f5 {[%clk 0:45:09]} 13.
a3 {[%clk 0:37:05]} fxe4 {[%clk 0:39:04]} 14. Ne5 {[%clk 0:28:50]} e3 {[%clk
0:28:11]} 15. Nxg6 {[%clk 0:25:10]} exd2+ {[%clk 0:24:54]} 16. Kxd2 {[%clk
0:25:32]} Qd6+ {[%clk 0:23:42]} 17. Kc1 {[%clk 0:24:37]} Qxg6 {[%clk 0:18:57]}
18. axb4 {[%clk 0:20:39]} O-O {[%clk 0:17:12]} 19. g3 {[%clk 0:18:59]} Qe4
{[%clk 0:13:05]} 20. Rg1 {[%clk 0:18:17]} Re8 {[%clk 0:11:46]} 21. Bd3 {[%clk
0:16:20]} Qe7 {[%clk 0:09:33]} 22. Kc2 {[%clk 0:15:57]} d6 {[%clk 0:08:32]} 23.
Rge1 {[%clk 0:16:01]} Qf7 {[%clk 0:08:32]} 24. Rxe8+ {[%clk 0:09:54]} Qxe8
{[%clk 0:09:00]} 25. Re1 {[%clk 0:09:38]} Qf7 {[%clk 0:08:53]} 26. Qd4 {[%clk
0:08:18]} Bd7 {[%clk 0:08:01]} 27. Qe4 {[%clk 0:07:48]} g6 {[%clk 0:06:47]} 28.
Qxb7 {[%clk 0:06:55]} Rc8 {[%clk 0:04:46]} 29. Qxa7 {[%clk 0:06:45]} c5 {[%clk
0:03:14]} 30. b5 {[%clk 0:03:51]} d5 {[%clk 0:02:10]} 31. Qa2 {[%clk 0:03:51]}
Bf5 {[%clk 0:01:37]} 32. Bxf5 {[%clk 0:02:00]} Qxf5+ {[%clk 0:02:04]} 33. Kd2
{[%clk 0:02:08]} d4 {[%clk 0:01:34]} 34. Qa6 {[%clk 0:01:51]} Kg7 {[%clk
0:00:38]} 35. Qe6 {[%clk 0:01:45]} Qxe6 {[%clk 0:00:32]} 36. Rxe6 {[%clk
0:02:10]} Kf7 {[%clk 0:00:46]} 37. Rc6 {[%clk 0:02:11]} Rxc6 {[%clk 0:00:45]}
38. bxc6 {[%clk 0:02:36]} Ke7 {[%clk 0:01:13]} 39. Kd3 {[%clk 0:02:11]} Kd6
{[%clk 0:01:36]} 40. c7 {[%clk 0:01:53]} Kxc7 {[%clk 0:01:56]} 41. b4 {[%clk
0:02:13]} Kc6 {[%clk 0:01:07]} 42. b5+ {[%clk 0:02:30]} Kd6 {[%clk 0:01:21]}
43. g4 {[%clk 0:02:55]} Kd5 {[%clk 0:29:02]} 1-0

[Event "DVM U20 2016"]
[Site "Borken-Gemen GER"]
[Date "2016.12.27"]
[Round "1"]
[White "Dürr, Florian"]
[Black "Pluska, Alexander"]
[Result "0-1"]
[Termination "normal"]
[Board "3.1"]
[WhiteElo "1887"]
[BlackElo "2156"]
[WhiteClock "00:01:28"]
[BlackClock "00:02:39"]
[WhiteTeam "SC Erlangen"]
[BlackTeam "SK Doppelbauer Kiel"]
[PlyCount "80"]
[WhiteFideId "24659134"]
[BlackFideId "12975141"]
[EventCountry "GER"]
[EventRounds "7"]
[EventType "team-swiss"]
[EventDate "2016.12.26"]

1. e4 {[%clk 1:30:55]} c6 {[%clk 1:30:54]} 2. d4 {[%clk 1:31:12]} d5 {[%clk
1:31:20]} 3. Nc3 {[%clk 1:31:01]} dxe4 {[%clk 1:31:44]} 4. Nxe4 {[%clk
1:31:29]} Bf5 {[%clk 1:31:54]} 5. Ng3 {[%clk 1:31:57]} Bg6 {[%clk 1:32:19]} 6.
h4 {[%clk 1:31:28]} h6 {[%clk 1:32:44]} 7. h5 {[%clk 1:31:45]} Bh7 {[%clk
1:33:10]} 8. Nf3 {[%clk 1:32:11]} e6 {[%clk 1:33:05]} 9. Bd3 {[%clk 1:32:14]}
Bxd3 {[%clk 1:33:18]} 10. Qxd3 {[%clk 1:32:41]} Nf6 {[%clk 1:33:22]} 11. Bd2
{[%clk 1:32:18]} Be7 {[%clk 1:30:18]} 12. O-O-O {[%clk 1:32:00]} O-O {[%clk
1:28:39]} 13. Ne4 {[%clk 1:30:11]} Nbd7 {[%clk 1:26:27]} 14. g4 {[%clk
1:24:45]} Nxe4 {[%clk 1:23:56]} 15. Qxe4 {[%clk 1:21:17]} Nf6 {[%clk 1:23:31]}
16. Qe2 {[%clk 1:16:34]} Qd5 {[%clk 1:21:16]} 17. c4 {[%clk 1:07:25]} Qe4
{[%clk 1:20:50]} 18. Qxe4 {[%clk 1:04:30]} Nxe4 {[%clk 1:21:15]} 19. Be3 {[%clk
1:04:30]} Rfd8 {[%clk 1:10:54]} 20. Rd3 {[%clk 0:59:46]} b5 {[%clk 0:56:33]}
21. Ne5 {[%clk 0:46:09]} Rac8 {[%clk 0:56:50]} 22. Rhd1 {[%clk 0:43:02]} Bd6
{[%clk 0:39:01]} 23. f3 {[%clk 0:33:44]} Nf6 {[%clk 0:36:35]} 24. Kc2 {[%clk
0:23:16]} a5 {[%clk 0:30:06]} 25. Bf2 {[%clk 0:17:01]} bxc4 {[%clk 0:18:27]}
26. Nxc4 {[%clk 0:15:22]} Nd5 {[%clk 0:18:51]} 27. Be1 {[%clk 0:12:05]} Bb4
{[%clk 0:16:23]} 28. Bg3 {[%clk 0:08:47]} c5 {[%clk 0:14:05]} 29. dxc5 {[%clk
0:04:58]} Rxc5 {[%clk 0:09:28]} 30. b3 {[%clk 0:05:00]} a4 {[%clk 0:05:05]} 31.
Kb2 {[%clk 0:04:07]} Rdc8 {[%clk 0:04:16]} 32. Bf2 {[%clk 0:02:54]} Rb5 {[%clk
0:04:05]} 33. Rc1 {[%clk 0:02:58]} Be7 {[%clk 0:03:49]} 34. Be1 {[%clk
0:01:44]} Bf6+ {[%clk 0:02:47]} 35. Kc2 {[%clk 0:01:23]} axb3+ {[%clk 0:02:20]}
36. axb3 {[%clk 0:01:50]} Bg5 {[%clk 0:01:48]} 37. Ra1 {[%clk 0:00:38]} Ne3+
{[%clk 0:02:02]} 38. Kc3 {[%clk 0:00:34]} Bf6+ {[%clk 0:02:23]} 39. Rd4 {[%clk
0:01:03]} Bxd4+ {[%clk 0:02:16]} 40. Kxd4 {[%clk 0:01:28]} Nc2+ {[%clk
0:02:39]} 0-1

[Event "DVM U20 2016"]
[Site "Borken-Gemen GER"]
[Date "2016.12.27"]
[Round "1"]
[White "Beeck, Mats"]
[Black "Tong, Kevin"]
[Result "0-1"]
[Termination "normal"]
[Board "3.2"]
[WhiteElo "2161"]
[BlackElo "2149"]
[WhiteClock "00:26:30"]
[BlackClock "00:22:13"]
[WhiteTeam "SK Doppelbauer Kiel"]
[BlackTeam "SC Erlangen"]
[PlyCount "92"]
[WhiteFideId "12936944"]
[BlackFideId "12913944"]
[EventCountry "GER"]
[EventRounds "7"]
[EventType "team-swiss"]
[EventDate "2016.12.26"]

1. e4 {[%clk 1:30:49]} e5 {[%clk 1:30:18]} 2. f4 {[%clk 1:31:01]} exf4 {[%clk
1:29:49]} 3. Bc4 {[%clk 1:31:19]} Nc6 {[%clk 1:28:41]} 4. Nf3 {[%clk 1:26:04]}
g5 {[%clk 1:24:43]} 5. Nc3 {[%clk 1:24:11]} h6 {[%clk 1:18:00]} 6. g3 {[%clk
1:16:55]} g4 {[%clk 1:13:55]} 7. Nh4 {[%clk 1:17:08]} f3 {[%clk 1:12:19]} 8. d4
{[%clk 1:14:38]} d6 {[%clk 1:10:09]} 9. Be3 {[%clk 1:12:00]} Bg7 {[%clk
1:01:31]} 10. Qd2 {[%clk 1:09:57]} Nf6 {[%clk 0:57:19]} 11. O-O-O {[%clk
1:06:23]} Bd7 {[%clk 0:47:19]} 12. Rhe1 {[%clk 0:57:00]} Ng8 {[%clk 0:23:07]}
13. Nf5 {[%clk 0:40:44]} Bxf5 {[%clk 0:19:46]} 14. exf5 {[%clk 0:40:27]} Kf8
{[%clk 0:19:03]} 15. Nd5 {[%clk 0:37:43]} Nf6 {[%clk 0:16:02]} 16. h3 {[%clk
0:27:46]} a5 {[%clk 0:11:47]} 17. Nxf6 {[%clk 0:26:47]} Qxf6 {[%clk 0:12:02]}
18. hxg4 {[%clk 0:27:01]} Rb8 {[%clk 0:08:34]} 19. Kb1 {[%clk 0:25:31]} Nb4
{[%clk 0:07:45]} 20. Rf1 {[%clk 0:17:43]} b5 {[%clk 0:06:50]} 21. Bd3 {[%clk
0:17:17]} Nd5 {[%clk 0:06:33]} 22. Bg1 {[%clk 0:11:20]} b4 {[%clk 0:06:37]} 23.
Rde1 {[%clk 0:10:33]} a4 {[%clk 0:06:19]} 24. Be4 {[%clk 0:10:18]} Nc3+ {[%clk
0:04:59]} 25. Ka1 {[%clk 0:10:40]} Nb5 {[%clk 0:05:07]} 26. Qxb4 {[%clk
0:09:54]} a3 {[%clk 0:04:14]} 27. Bc6 {[%clk 0:09:21]} axb2+ {[%clk 0:03:56]}
28. Kb1 {[%clk 0:08:34]} Kg8 {[%clk 0:02:32]} 29. Bxb5 {[%clk 0:08:14]} c6
{[%clk 0:02:57]} 30. a4 {[%clk 0:05:24]} Kh7 {[%clk 0:02:35]} 31. Rxf3 {[%clk
0:04:56]} cxb5 {[%clk 0:01:31]} 32. axb5 {[%clk 0:05:24]} Rhc8 {[%clk 0:01:46]}
33. Be3 {[%clk 0:04:22]} d5 {[%clk 0:01:14]} 34. Rh1 {[%clk 0:02:20]} Rc4
{[%clk 0:01:10]} 35. Qb3 {[%clk 0:01:41]} Ra8 {[%clk 0:01:04]} 36. g5 {[%clk
0:01:23]} Qd6 {[%clk 0:01:22]} 37. f6 {[%clk 0:00:52]} Ra1+ 38. Kxb2 Rxh1
{[%clk 0:00:56]} 39. Qd3+ {[%clk 0:01:12]} Kg8 {[%clk 0:01:18]} 40. fxg7 {[%clk
0:01:29]} Rb4+ {[%clk 0:00:40]} 41. Kc3 {[%clk 0:00:45]} Rc4+ {[%clk 0:28:06]}
42. Kd2 {[%clk 0:28:42]} Qb4+ {[%clk 0:26:06]} 43. c3 {[%clk 0:29:05]} Qa4
{[%clk 0:25:49]} 44. Qc2 {[%clk 0:26:56]} Qa1 {[%clk 0:25:35]} 45. Bf2 {[%clk
0:27:16]} Ra4 {[%clk 0:22:13]} 46. g6 {[%clk 0:26:30]} f6 0-1

[Event "DVM U20 2016"]
[Site "Borken-Gemen GER"]
[Date "2016.12.27"]
[Round "1"]
[White "Diller, Daniel"]
[Black "Rieper, Julian"]
[Result "1-0"]
[Termination "normal"]
[Board "3.3"]
[WhiteElo "1982"]
[BlackElo "2029"]
[WhiteClock "00:06:01"]
[BlackClock "00:04:02"]
[WhiteTeam "SC Erlangen"]
[BlackTeam "SK Doppelbauer Kiel"]
[PlyCount "145"]
[WhiteFideId "12908983"]
[BlackFideId "12936960"]
[EventCountry "GER"]
[EventRounds "7"]
[EventType "team-swiss"]
[EventDate "2016.12.26"]

1. c4 {[%clk 1:30:57]} e5 {[%clk 1:30:32]} 2. g3 {[%clk 1:31:22]} c6 {[%clk
1:30:30]} 3. d4 {[%clk 1:31:06]} exd4 {[%clk 1:28:13]} 4. Qxd4 {[%clk 1:31:27]}
Na6 {[%clk 1:28:03]} 5. Bg2 {[%clk 1:31:10]} Nf6 {[%clk 1:28:02]} 6. Nf3 {[%clk
1:30:34]} Bc5 {[%clk 1:27:59]} 7. Qe5+ {[%clk 1:30:25]} Be7 {[%clk 1:28:13]} 8.
O-O {[%clk 1:29:46]} O-O {[%clk 1:28:27]} 9. Nc3 {[%clk 1:26:12]} Re8 {[%clk
1:27:44]} 10. Rd1 {[%clk 1:24:09]} h6 {[%clk 1:00:14]} 11. Qf5 {[%clk 1:03:06]}
Bb4 {[%clk 0:48:09]} 12. Qc2 {[%clk 1:00:34]} d5 {[%clk 0:38:55]} 13. cxd5
{[%clk 0:56:22]} cxd5 {[%clk 0:38:42]} 14. Nd4 {[%clk 0:51:41]} Bg4 {[%clk
0:32:59]} 15. Be3 {[%clk 0:38:24]} Rc8 {[%clk 0:24:12]} 16. Ndb5 {[%clk
0:27:16]} Rxe3 17. fxe3 Qb6 {[%clk 0:20:31]} 18. Qd3 {[%clk 0:19:07]} Bxc3
{[%clk 0:16:47]} 19. Nxc3 {[%clk 0:18:16]} Qxb2 {[%clk 0:16:17]} 20. Nxd5
{[%clk 0:14:22]} Nxd5 {[%clk 0:13:55]} 21. Qxd5 {[%clk 0:14:16]} Qxe2 {[%clk
0:13:03]} 22. Qd2 {[%clk 0:12:38]} Qb5 {[%clk 0:12:10]} 23. Rdc1 {[%clk
0:12:14]} Nc5 {[%clk 0:08:21]} 24. Rab1 {[%clk 0:11:26]} Qa6 {[%clk 0:08:00]}
25. Qd4 {[%clk 0:09:58]} Qg6 {[%clk 0:08:06]} 26. Rb4 {[%clk 0:09:30]} Na6 27.
Rxc8+ Bxc8 {[%clk 0:06:29]} 28. Qd8+ {[%clk 0:09:55]} Kh7 29. Rd4 {[%clk
0:06:11]} Qe6 {[%clk 0:05:03]} 30. Re4 {[%clk 0:04:40]} Qf5 31. Rf4 Qe6 {[%clk
0:03:21]} 32. Be4+ {[%clk 0:03:52]} g6 {[%clk 0:03:17]} 33. Rf6 {[%clk
0:03:31]} Qc4 34. Qd3 {[%clk 0:01:38]} Qxd3 {[%clk 0:02:42]} 35. Bxd3 {[%clk
0:02:01]} Kg7 {[%clk 0:02:49]} 36. Rd6 {[%clk 0:02:02]} Nc5 {[%clk 0:01:21]}
37. Bc4 {[%clk 0:01:51]} a6 {[%clk 0:01:04]} 38. Rd5 {[%clk 0:01:27]} Ne4
{[%clk 0:00:32]} 39. Rd8 {[%clk 0:01:42]} Bh3 {[%clk 0:00:37]} 40. Bd5 {[%clk
0:01:14]} Nc5 {[%clk 0:00:36]} 41. Rb8 {[%clk 0:01:09]} b5 {[%clk 0:30:22]} 42.
Rb6 {[%clk 0:26:50]} Bd7 {[%clk 0:28:25]} 43. Kf1 {[%clk 0:21:44]} Kf8 {[%clk
0:24:53]} 44. Rb8+ {[%clk 0:19:28]} Ke7 {[%clk 0:24:53]} 45. Ke2 {[%clk
0:19:38]} h5 {[%clk 0:19:12]} 46. Kd2 {[%clk 0:17:42]} Ne6 {[%clk 0:15:08]} 47.
Kc3 {[%clk 0:14:45]} Kd6 {[%clk 0:14:29]} 48. Bb3 {[%clk 0:09:20]} a5 {[%clk
0:11:36]} 49. Bxe6 {[%clk 0:07:22]} b4+ {[%clk 0:09:26]} 50. Kb2 {[%clk
0:07:20]} Kxe6 {[%clk 0:08:43]} 51. Ra8 {[%clk 0:07:29]} a4 {[%clk 0:06:45]}
52. Rb8 {[%clk 0:07:52]} b3 {[%clk 0:06:56]} 53. axb3 {[%clk 0:08:16]} axb3
{[%clk 0:07:22]} 54. Kxb3 {[%clk 0:08:11]} Kf5 {[%clk 0:07:42]} 55. Rb4 {[%clk
0:08:28]} Be6+ {[%clk 0:07:35]} 56. Kc3 {[%clk 0:08:35]} Bd7 {[%clk 0:06:52]}
57. Rf4+ {[%clk 0:07:57]} Ke6 {[%clk 0:07:15]} 58. Kd4 {[%clk 0:07:47]} Ba4
{[%clk 0:05:59]} 59. Rf2 {[%clk 0:07:12]} Bc6 {[%clk 0:05:24]} 60. Rb2 {[%clk
0:06:45]} Bd7 {[%clk 0:04:45]} 61. Ke4 {[%clk 0:05:46]} Kf6 {[%clk 0:04:21]}
62. Rf2+ {[%clk 0:04:03]} Ke6 {[%clk 0:04:40]} 63. Kf4 {[%clk 0:04:14]} f6
{[%clk 0:03:57]} 64. h4 {[%clk 0:04:27]} Kf7 {[%clk 0:03:21]} 65. Rb2 {[%clk
0:04:45]} Be6 {[%clk 0:03:17]} 66. Rb7+ {[%clk 0:04:51]} Kg8 {[%clk 0:03:38]}
67. e4 {[%clk 0:05:13]} Bf7 {[%clk 0:04:19]} 68. e5 {[%clk 0:03:12]} fxe5+
{[%clk 0:04:44]} 69. Kxe5 {[%clk 0:03:24]} Kg7 {[%clk 0:05:05]} 70. Ra7 Kg8
{[%clk 0:03:14]} 71. Kf6 {[%clk 0:05:25]} Be8 {[%clk 0:03:37]} 72. Ra8 {[%clk
0:05:40]} Kf8 {[%clk 0:04:02]} 73. Rxe8+ {[%clk 0:06:01]} 1-0